Priamy marketing vo vybranom podniku bakalárska práca

Enregistré dans:
Détails bibliographiques
Auteur principal: Vaneková, Dominika
Collectivité auteur: Fakulta podnikového manažmentu EU. Katedra manažmentu
Autres auteurs: Bednár, Richard, 1985-
Format: Livre
Langue:slovaque
Publié: Bratislava 2012
Tags: Ajouter un tag
Pas de tags, Soyez le premier à ajouter un tag!

MARC

LEADER 00000nbm a2200000 4500
001 0154089
005 20161109111820.3
041 0 |a slo 
044 |a SK 
245 1 0 |a Priamy marketing vo vybranom podniku  |b bakalárska práca  |c Dominika Vaneková ; školiteľ: Richard Bednár 
264 1 |a Bratislava  |c 2012 
300 |a 45 s. 
100 1 |a Vaneková, Dominika 
700 1 |a Bednár, Richard, 1985- 
710 2 |a Fakulta podnikového manažmentu EU. Katedra manažmentu